Standard Methods For the Examination of Water and Wastewater (Record no. 75400)

MARC details
000 -LEADER
fixed length control field 00465pam a2200169 a 4500
020 ## - INTERNATIONAL STANDARD BOOK NUMBER
International Standard Book Number 0875532357
Terms of availability
041 ## - LANGUAGE CODE
Language code of text/sound track or separate title eng
082 ## - DEWEY DECIMAL CLASSIFICATION NUMBER
Classification number 543
Item number CES
100 ## - MAIN ENTRY--PERSONAL NAME
Personal name Cesceri, L S.
245 ## - TITLE STATEMENT
Title Standard Methods For the Examination of Water and Wastewater
Medium Textual Documents
250 ## - EDITION STATEMENT
Edition statement 20th ed.
260 ## - PUBLICATION, DISTRIBUTION, ETC.
Place of publication, distribution, etc. Washington:
Name of publisher, distributor, etc. American Public Health Association ,
Date of publication, distribution, etc. 1998.
300 ## - PHYSICAL DESCRIPTION
Extent I-48.
653 ## - INDEX TERM--UNCONTROLLED
Uncontrolled term Analytical Chemistry
700 ## - ADDED ENTRY--PERSONAL NAME
Personal name Greenberg, A E.
930 ## - EQUIVALENCE OR CROSS-REFERENCE-UNIFORM TITLE HEADING [LOCAL, CANADA]
Uniform title 2115
Holdings
Withdrawn status Lost status Damaged status Not for loan Collection Home library Current library Date acquired Source of acquisition Cost, normal purchase price Total Checkouts Full call number Barcode Date last seen Copy number Price effective from Koha item type
          Poona College of Pharmacy, Pune Poona College of Pharmacy, Pune 08/05/2002 Sai Book Centre 10320.00   543 CES PCP-HRD-289 24/02/2023 1 24/02/2023 Book